| 000 | 00690cam a2200217 4500 | ||
|---|---|---|---|
| 001 | J333 | ||
| 008 | 090401t xxu||||| |||| 00| 0 eng d | ||
| 035 | _a(Sirsi) u74455 | ||
| 041 | _aeng | ||
| 050 | _a692.80212 | ||
| 110 |
_aUnited Kingdom _bProperty Services Agency _91138 |
||
| 245 | _aPrice adjustment formulae for construction contracts:monthly bulletin of indices .- January - October 1987, February 1988. | ||
| 260 |
_aLondon _bHMSO _c1987-88 |
||
| 300 | _a11 pt. ; 30cm. | ||
| 350 | _a0 | ||
| 650 | _aBUILT ENVIRONMENT-BUILDING CONTRACT FORMS | ||
| 650 | _aPRICE ADJUSTMENT FORMULAE | ||
| 690 | _aBUILT ENVIRONMENT-BUILDING CONTRACT FORMS | ||
| 942 | _n0 | ||
| 948 | _c04/03/1997 | ||
| 999 |
_c95854 _d95854 |
||